[Event "NED-ch U16 op"]
[Site "Borne"]
[Date "2019.08.07"]
[Round "4"]
[White "Kroon, Lindert"]
[Black "Borgelioen, Elise"]
[Result "0-1"]
[WhiteElo "1076"]
[BlackElo "1342"]
[PlyCount "106"]
[EventDate "2019.08.05"]
[EventType "swiss"]
[EventRounds "9"]
[EventCountry "NED"]
[SourceTitle "EXT 2020"]
[Source "ChessBase"]
[SourceDate "2019.10.17"]
[SourceVersion "1"]
[SourceVersionDate "2019.10.17"]
[SourceQuality "1"]

1. e4 e5 2. Nf3 Nc6 3. Bc4 h6 4. 0-0 Bc5 5. Nc3 d6 6. h3 Nf6 7. d3 0-0 8. a3 Be6 9. Bxe6 fxe6 10. b4 Bd4 11. Nxd4 Nxd4 12. Ne2 Nxe2+ 13. Qxe2 c6 14. c4 Qc7 15. Qa2 Rad8 16. Be3 b6 17. c5 d5 18. cxb6 axb6 19. a4 Ra8 20. f3 Ra6 21. Rfc1 Qb7 22. Rab1 Rfa8 23. Ra1 Nh5 24. Rcb1 Qc7 25. Rc1 Qd6 26. b5 cxb5 27. g4 Nf6 28. d4 exd4 29. Bxd4 e5 30. Be3 Kh8 31. exd5 Qxd5 32. Qc2 Qxf3 33. Qd3 e4 34. Qd4 Qg3+ 35. Kh1 Qxh3+ 36. Kg1 Nxg4 37. Bf4 e3 38. Rc2 Nf2 39. Qd5 Qg4+ 40. Kf1 Qxf4 41. Rac1 Nd3+ 42. Kg2 Nxc1 43. Rxc1 Qg4+ 44. Kf1 Rf8+ 45. Ke1 Qg3+ 46. Ke2 Rf2+ 47. Kd3 e2+ 48. Kd4 Rf4+ 49. Ke5 Rg4+ 50. Ke6 e1Q+ 51. Rxe1 Qxe1+ 52. Kf7 Ra7+ 53. Kf8 Qe7# 0-1

[Event "NED-ch U16 op"]
[Site "Borne"]
[Date "2019.08.06"]
[Round "3"]
[White "Kroon, Lindert"]
[Black "Pol, Florian"]
[Result "1/2-1/2"]
[WhiteElo "1076"]
[BlackElo "1334"]
[PlyCount "126"]
[EventDate "2019.08.05"]
[EventType "swiss"]
[EventRounds "9"]
[EventCountry "NED"]
[SourceTitle "EXT 2020"]
[Source "ChessBase"]
[SourceDate "2019.10.17"]
[SourceVersion "1"]
[SourceVersionDate "2019.10.17"]
[SourceQuality "1"]

1. e4 c5 2. Nf3 Nc6 3. Bb5 g6 4. Nc3 a6 5. Bxc6 bxc6 6. d4 e6 7. Bg5 Be7 8. Bxe7 Qxe7 9. 0-0 Nf6 10. e5 Nd5 11. Nxd5 cxd5 12. a3 0-0 13. b4 cxd4 14. Qxd4 Bb7 15. a4 Bc6 16. c4 dxc4 17. Qxc4 Rfc8 18. Qd3 Qxb4 19. Rfb1 Qe4 20. Qd2 Rab8 21. Rxb8 Rxb8 22. Qd1 g5 23. Qd2 Rb1+ 24. Rxb1 Qxb1+ 25. Ne1 h6 26. h4 Qf5 27. Nf3 Bxf3 28. gxf3 Qxf3 29. hxg5 Qg4+ 30. Kf1 Qxg5 31. Qc3 Qd8 32. Qf3 Kg7 33. Qd3 Qc7 34. Qe3 Qc6 35. Qg3+ Kf8 36. Qa3+ Ke8 37. Qb4 Qh1+ 38. Ke2 Qh5+ 39. Kf1 Qxe5 40. f4 Qa1+ 41. Kg2 Qa2+ 42. Kf3 Qd5+ 43. Ke3 a5 44. Qb2 Qc5+ 45. Kf3 Qc6+ 46. Ke3 Qxa4 47. Qh8+ Ke7 48. Qxh6 d5 49. Qg5+ Kd7 50. Qf6 Qe4+ 51. Kf2 Qf5 52. Qd4 e5 53. Qa7+ Ke6 54. Qb6+ Ke7 55. Qa7+ Kf6 56. Qb6+ Kg7 57. Qxa5 Qxf4+ 58. Ke2 d4 59. Qc7 Qe3+ 60. Kd1 d3 61. Qxf7+ Kh6 62. Qh7+ Kg5 63. Qh6+ Kxh6 1/2-1/2